Professeurs de l'IRA - Statistiques

Statistiques générales
  • Ce quiz a été pris 10 fois
  • Le résultat moyen est 19 sur 29
Statistiques - réponses
Hint Réponse % Correct
A bien profité des shooters à la soirée des anciens Brouste
100%
Dernier membre du trio magique Cablé
100%
A fait un enfant a une de ses étudiantes qu'il a eu en thèse Matoussi
100%
Elle vient en vélo tous les matins. Morlais
100%
N'a aucune émotion (1er membre du trio magique) Popier
100%
L'élégance poivre et sel (Deuxième membre du trio magique) Voisin
100%
A des petits trous capillaires Ben Hariz
80%
A perdu sa place de prof préféré à cause de ses sujets de CC. Denis
80%
Fait 4x l'appel par cours et n'aime pas les étudiants qui partent à la pause. Fairise
80%
On ne le comprends pas quand il parle. Farinetto
80%
Prof le plus aigri du Master Hamadene
80%
Le GOAT du droit Loyer
80%
A chuté en plein cours. Safia Brahim
80%
Aussi compétente que Farinetto Votsi
80%
Vient pour son cours de croissance avec sa belle casquette Adjemian
60%
Ne voulait pas partir à la retraite. Bates
60%
La mamie qui t'apprends la compta Bonin
60%
Sa fille est en Master 1 (2023-2024) Kakkai
60%
Premier prof d'économétrie Karamé
60%
Plus chauve que chauve Maunoury
60%
Le tonton de PG Fondop Paulin
60%
Son cours a vu le plus d'étudiants en lendemain de cuite Vanessa Desert
60%
Elu prof préféré du Master à la soirée des Anciens Youssef
60%
Hagrid Deschamps
40%
Ses DM régalent Kleptsyna
40%
Ta touffe m'étouffe (pythonesque) Wajd Meskini
40%
Adrien a faillit se battre avec lors de son partiel de L1 Jolivet
20%
L'homme à la toge Maugeais
20%
L'aigrie du droit Loyer-Lemercier
0%
Aucun quiz correspondant
Distribution des résultats
% des personnes avec chaque résultat
Percentile par nombre de réponses
Votre historique - résultats
Vous n’avez pas pris ce quiz